[Event "ESP-chT CECLUB Honor"]
[Site "Linares"]
[Date "2020.09.24"]
[Round "2.3"]
[White "Kuzubov, Yuriy"]
[Black "Vallejo Pons, Francisco"]
[Result "1-0"]
[WhiteElo "2643"]
[BlackElo "2710"]
[PlyCount "101"]
[EventDate "2020.09.23"]
[EventType "team-tourn"]
[EventRounds "7"]
[EventCountry "ESP"]
[SourceTitle "CBM 198 Extra"]
[Source "ChessBase"]
[SourceDate "2020.11.30"]
[SourceVersion "1"]
[SourceVersionDate "2020.11.30"]
[SourceQuality "1"]
[WhiteTeam "Jaime Casas"]
[BlackTeam "Paterna Andreu"]
[WhiteTeamCountry "ESP"]
[BlackTeamCountry "ESP"]

1. c4 e6 2. d4 d5 3. Nf3 a6 4. c5 Nf6 5. Nc3 Nc6 6. Bf4 Nh5 7. Bg5 Be7 8. Bxe7
Qxe7 9. e3 Nf6 10. Be2 O-O 11. O-O Rd8 12. Rc1 e5 13. Nxe5 Nxe5 14. dxe5 Qxe5
15. Qd4 Qe7 16. Bd3 c6 17. b4 g6 18. Rfe1 Be6 19. Qh4 Re8 20. Ne2 Nh5 21. Qxe7
Rxe7 22. Nd4 Ng7 23. f3 Bf5 24. Bf1 Bd7 25. Kf2 Nf5 26. Bd3 Nxd4 27. exd4 Kf8
28. Rc3 h6 29. Bc2 Rae8 30. Rxe7 Rxe7 31. Re3 g5 32. f4 f6 33. Bg6 Bg4 34. h3
Bd7 35. f5 Rxe3 36. Kxe3 h5 37. g3 Be8 38. Bxe8 Kxe8 39. Kd3 Kd7 40. Kc3 Kc7
41. Kb3 a5 42. Ka4 axb4 43. Kxb4 Kb8 44. Ka5 Kc7 45. a3 h4 46. g4 Kb8 47. Kb6
Kc8 48. Ka7 Kc7 49. a4 Kc8 50. a5 Kc7 51. a6 1-0